| 000 | 00600nam a22001937a 4500 | ||
|---|---|---|---|
| 999 |
_c9747 _d9747 |
||
| 003 | GBCCL | ||
| 005 | 20241126110718.0 | ||
| 008 | 230629b ||||| |||| 00| 0 eng d | ||
| 020 | _a0785250514 | ||
| 020 | _a9780785250517 | ||
| 040 | _cGBC | ||
| 082 |
_a220.3 _bILL |
||
| 245 |
_aIllustrated dictionary of the Bible / _bHerbert Lockyer, Sr., general editor |
||
| 260 |
_aNashville : _bThomas Nelson, _c1997 |
||
| 300 | _a1128p. ; | ||
| 505 | _aoriginally published : Nelson's illustrated Bible dictionary. Nashville : T. Nelson, C1986 | ||
| 650 |
_aBible _vDictionaries _914751 |
||
| 942 |
_2ddc _cREF |
||